书目信息 |
| 题名: |
思想家莎士比亚
|
|
| 作者: | 格里尔 著 ;毛亮 译 | |
| 分册: | ||
| 出版信息: | 北京 外语教学与研究出版社 2007.09 |
|
| 页数: | 312页 | |
| 开本: | 18cm | |
| 丛书名: | 斑斓阅读·外研社英汉双语百科书系 | |
| 单 册: | ||
| 中图分类: | H319.4:I | |
| 科图分类: | ||
| 主题词: | 英语--ying yu--汉语--对照读物 | |
| 电子资源: | ||
| ISBN: | 978-7-5600-6946-3 | |
| 000 | 01255nam 2200289 450 | |
| 001 | 012008154617 | |
| 005 | 20080419141306.89 | |
| 010 | @a978-7-5600-6946-3@dCNY18.00 | |
| 100 | @a20080419d2007 em y0chiy0120 ea | |
| 101 | 2 | @achi@aeng@ceng |
| 102 | @aCN@b110000 | |
| 105 | @ay z 000yy | |
| 106 | @ar | |
| 200 | 1 | @a思想家莎士比亚@Asi xiang jia sha shi bi ya@d= Shakespeare: a very short introduction@fGermaine Greer著@FGermaine Greer zhu@g毛亮译@Gmao liang yi@zeng |
| 210 | @a北京@c外语教学与研究出版社@d2007.09 | |
| 215 | @a312页@d18cm | |
| 225 | 2 | @a斑斓阅读·外研社英汉双语百科书系@Aban lan yue du·wai yan she ying han shuang yu bai ke shu xi |
| 314 | @a责任者规范汉译: 格里尔 | |
| 330 | @a本书通过对多部莎剧的精妙解读,依次从当代诗学、伦理学、政治学、目的论和社会学等多个角度,揭示出莎士比亚在四百多年前的诸多创见与当代各学科前沿理论的密切联系,展示了作为思想家的莎士比亚所取得的独特成就。 | |
| 410 | 0 | @12001 @a斑斓阅读·外研社英汉双语百科书系 |
| 510 | 1 | @aShakespeare: a very short introduction@zeng |
| 606 | 0 | @a英语@Aying yu@x汉语@j对照读物 |
| 690 | @aH319.4:I@v4 | |
| 701 | 1 | @a格里尔@Age li er@g(Greer, Germaine)@4著 |
| 702 | 0 | @a毛亮@Amao liang@4译 |
| 801 | 0 | @aCN@bQSSK@c20080419 |
| 905 | @b293114-16@dH319.4:I@eG275@f3 | |
| 思想家莎士比亚= Shakespeare: a very short introduction/Germaine Greer著/毛亮译.-北京:外语教学与研究出版社,2007.09 |
| 312页;18cm.-(斑斓阅读·外研社英汉双语百科书系) |
| ISBN 978-7-5600-6946-3:CNY18.00 |
| 本书通过对多部莎剧的精妙解读,依次从当代诗学、伦理学、政治学、目的论和社会学等多个角度,揭示出莎士比亚在四百多年前的诸多创见与当代各学科前沿理论的密切联系,展示了作为思想家的莎士比亚所取得的独特成就。 |
| ● |
| 相关链接 |
|
|
|
正题名:思想家莎士比亚
索取号:H319.4:I/G275
 
预约/预借
| 序号 | 登录号 | 条形码 | 馆藏地/架位号 | 状态 | 备注 |
| 1 | 293114 | 202931140 | 语言库209/209语言库 53排2列4层/ [索取号:H319.4:I/G275] | 在馆 | |
| 2 | 293115 | 202931159 | 语言库209/209语言库 53排2列4层/ [索取号:H319.4:I/G275] | 在馆 | |
| 3 | 293116 | 202931168 | 语言库209/209语言库 53排2列4层/ [索取号:H319.4:I/G275] | 在馆 |